Abdülhamid'in Düşüşü/ (Record no. 14912)

MARC details
000 -BAŞLIK
Sabit Uzunlukta Kontrol Alanı 00744nam a22002417a 4500
999 ## - SİSTEM KONTROL NUMARALARI (KOHA)
Koha Biblionumber 14912
Koha Biblioitemnumber 14912
003 - KONTROL NUMARASI IDENTIFIER
Denetim Alanı MIRAKIL
005 - SON İŞLEM TARİHİ VE ZAMANI
Denetim Alanı 20220512165702.0
008 - SABİT-BOY VERİ ELEMANLARI - GENEL BİLGİLER
Sabit Uzunlukta Kontrol Alanı 220512b tu ||||| |||| 00| 0 tur d
020 ## - ULUSLARARASI STANDART KİTAP NUMARASI
Uluslararası Standart Kitap Numarası 975 331 7492
040 ## - KATALOGLAMA KAYNAK
Orijinal Kataloglama Ajansı TR-AnCHP
Metne Dönüştürmek Ajansı TR-AnCHP
041 ## - DİL KODU
Metin / Ses Parça Veya Ayrı Başlığın Dil Kodu Türkçe
082 ## - DEWEY ONLU SINIFLANDIRMA NUMARASI
Sınıflandırma Numarası 956.101
Ürün Numarası M11a 2005
100 ## - ANA GİRİŞ - KİŞİSEL İSİM
Kişisel Ad McCullagh, Francis
245 10 - BAŞLIK TABLOSU
Başlık Abdülhamid'in Düşüşü/
Sorumluluk Tablosu, Vb Francis McCullagh; çeviren Nihal Önol.
250 ## - EDITION TABLOSU
Baskı Beyanı 2 bs.
260 ## - YAYIN, DAĞITIM, VB
Yayın, Dağıtım, Vb Yeri İstanbul:
Yayıncı, Dağıtıcı, Vs Adı Epsilon,
Yayın, Dağıtım, Vb Tarihi 2005.
300 ## - FİZİKSEL TANIM
Kapsam 287 s. :
Diğer Fiziksel Ayrıntıları fotg.
Boyutlar 24 sm.
600 #0 - KONU KATMA GİRİŞ - KURUMSAL ADI
9 (RLIN) 5192
Kişisel Ad Abdülhamid II
Başlıklar Ve Bir Adla İlişkili Diğer Kelimeler Osmanlı İmparatorluğu padişahı
Bir Adıyla İlişkilendirilen Tarihler 1842-1918
Genel Alt Bölümü yaşamöyküsü
650 #4 - KONU KATMA GİRİŞ - TOPİKAL DÖNEM
9 (RLIN) 1099
Topikal Süreli Veya Coğrafi Ad Giriş Elemanı Tarih
Genel Alt Bölümü Siyasi Tarih
Coğrafi Alt Bölümü Türkiye
700 ## - KATMA GİRİŞ - KİŞİSEL İSİM
9 (RLIN) 7083
Kişisel Ad Önol, Nihal
942 ## - EKLENDİ GİRİŞ ELEMANLARI (KOHA)
Sınıflandırma Veya Raf Düzeni Kaynak Dewey Decimal Classification
Koha Öğesi Türü Books
999 ## - SİSTEM KONTROL NUMARALARI (KOHA)
Koha Biblioitemnumber 14912
Holdings
Kalıcı Konum Mevcut Konum Edinme Tarihi Toplam Check-Out'Lar Tam Çağrı Numarası Barkod Tarih Son Görülme İtibaren Geçerli Fiyatlar Koha Öğesi Türü
Parti Okulu Kütüphanesi Parti Okulu Kütüphanesi 05/12/2022   956.101 M11a 2005 P00941 05/12/2022 05/12/2022 Books